000 00930nam a2200241 a 4500
001 13003
003 BD-JhCC
005 20230613081131.0
008 230613s2022 bg |||| |||| 000 0 ben d
020 _a9789847768137
035 _a(BD-JhCC)13003
040 _aBD-JhCC
_dBD-JhCC
041 _aben
082 _a650.14
_bNOZ 2022
100 _aনজর-ই-জ্বিলানী
245 _aরোড টু বিকামিং সিইও :
_bভারতীয়, শ্রীলংকান, চাইনিজদের পেছনে ফেলে সময় এখন আমাদের সিইও হওয়ার /
_cনজর-ই-জ্বিলানী
260 _aঢাকা :
_bঐতিহ্য,
_c২০২২
300 _a১১৯ পৃ. :
_c২০ সেমি.
650 _aChief executive officers (CEO)
650 _aLeadership
650 _aCareer development
942 _2ddc
_cBK
999 _c13003
_d13003